000 00245nam a2200121Ia 4500
100 _aKumbhojkar / G.V
942 _cBK
366 _f15
245 _aEngineering Mathematics II
260 _bP.Jamnadas
_c2020
546 _aENGLISH
999 _c22643
_d22643